Statistics for All SZA Songs

Click here to take the quiz!

General Stats

  • This quiz has been taken 2,358 times
    (484 since last reset)
  • The average score is 35 of 78

Answer Stats

AlbumSong% Correct
SOSKill Bill
89%
Black Panther: The AlbumAll the Stars
84%
SOSSnooze
81%
SOSSOS
81%
CtrlBroken Clocks
79%
SOSGood Days
79%
Single #2Good Days
79%
CtrlDrew Barrymore
74%
SOSNobody Gets Me
74%
SOSOpen Arms
74%
CtrlLove Galore
73%
CtrlLove Galore (Alt Version)
73%
Single #4Saturn
73%
CtrlThe Weekend
73%
Ctrl20 Something
70%
CtrlSupermodel
70%
CtrlNormal Girl
69%
CtrlDoves in the Wind
67%
SOSLow
67%
CtrlProm
66%
SOSShirt
66%
SOSF2F
65%
SOSI Hate U
65%
SOSBlind
64%
SOSGhost in the Machine
64%
CtrlGarden (Say It Like Dat)
61%
SOSSeek & Destroy
61%
SOSSpecial
60%
SOSFar
59%
SOSGone Girl
58%
SOSUsed
58%
CtrlAwkward
57%
SOSLove Language
56%
SOSForgiveless
54%
CtrlGo Gina
54%
CtrlPretty Little Birds
53%
SOSSmoking on My Ex Pack
53%
SOSConceited
52%
Ctrl2AM
51%
SOSNotice Me
49%
SOSToo Late
47%
CtrlWavy (Interlude)
46%
CtrlAnything
44%
CtrlJodie
44%
CtrlPercolator
39%
ZJulia
38%
CtrlMiles
38%
ZBabylon
37%
CtrlTread Carefully
37%
SingleHit Different
35%
ZSweet November
33%
ZHiiiJack
30%
ZUr
29%
ZWarm Winds
29%
ZGreen Mile
28%
ZOmega
27%
Trolls World Tour: Original Motion Picture SoundtrackThe Other Side
26%
ZShattered Ring
24%
For the Throne: Music Inspired by the HBO Series Game of ThronesPower Is Power
19%
"Dear Evan Hansen": Original Motion Picture SoundtrackThe Anonymous Ones
18%
Space Jam: A New Legacy (Original Motion Picture Soundtrack)Just for Me
14%
See.SZA.RunAdvil
12%
See.SZA.RunBed
12%
SCastles
11%
See.SZA.RunCrack Dreams
11%
See.SZA.RunEuphraxia
11%
SIce.Moon
11%
See.SZA.RunCountry
10%
See.SZA.RunTime Travel Undone
10%
SAftermath
9%
Single #3fue mejor
9%
SKismet
9%
SPray
9%
STerror.Dome
9%
SWings
9%
See.SZA.RunOnce Upon a High
8%
SThe Odyssey
8%
ZChild Play's
6%

Score Distribution

Percentile by Number Answered

Percent of People with Each Score

Your Score History

You have not taken this quiz since the last reset